Účtovanie finančných záväzkov účtovnej jednotky bakalárska práca

Saved in:
Bibliographic Details
Main Author: Homzová, Aneta
Corporate Author: Fakulta hospodárskej informatiky EU. Katedra účtovníctva a audítorstva
Other Authors: Máziková, Katarína
Format: Book
Language:Slovak
Published: Bratislava 2018
Tags: Add Tag
No Tags, Be the first to tag this record!

MARC

LEADER 00000nbm a2200000 4500
001 0245339
005 20181106083025.3
041 0 |a slo 
044 |a SK 
245 1 0 |a Účtovanie finančných záväzkov účtovnej jednotky  |b bakalárska práca  |c Aneta Homzová ; školiteľ: Katarína Máziková 
264 1 |a Bratislava  |c 2018 
300 |a 38 s. 
100 1 |a Homzová, Aneta 
700 1 |a Máziková, Katarína 
710 2 |a Fakulta hospodárskej informatiky EU. Katedra účtovníctva a audítorstva